000 00628nam a22002177i 4500
003 URS
005 20220114152702.0
008 170429b xxu||||| |||| 00| 0 eng d
020 _a0256103348
040 _erda
_cURSP-College Library
_beng
050 _b658.72 L51 1993
100 1 _aLeenders, Michiel R.
245 _aPurchasing and Materials Management
_cMichiel R. Leenders
264 1 _aChicago
_bIrwin, Incorporated
_c1993.
300 _axxi, 671pages
_c23cm.
336 _atext
_btxt
_2rdacontent
337 _aunmediated
_bn
_2rdamedia
338 _avolume
_bnc
_2rdacarrier
500 _aIncludes index
942 _2lcc
_cFR
999 _c7268
_d7268